Tourism market trends, world overview & tourism topics
Αποθηκεύτηκε σε:
| Συγγραφή απο Οργανισμό/Αρχή: | |
|---|---|
| Μορφή: | Βιβλίο |
| Γλώσσα: | English |
| Δημοσίευση: |
Madrid :
World Tourism Organization,
2003
|
| Θέματα: | |
| Ετικέτες: |
Προσθήκη ετικέτας
Δεν υπάρχουν, Καταχωρήστε ετικέτα πρώτοι!
|
MARC
| LEADER | 00000cam a2200000 i 4500 | ||
|---|---|---|---|
| 001 | 1/58060 | ||
| 008 | 040623s2003 eng d | ||
| 020 | |a 92-844-0652-8 | ||
| 035 | |l 10073880 | ||
| 040 | |a GR-MY-UA |b gre |e aacr | ||
| 041 | 0 | |a eng | |
| 082 | 0 | |a 338.4791 | |
| 110 | 2 | |a World Tourism Organization. | |
| 245 | 1 | 0 | |a Tourism market trends, world overview & tourism topics / |c World Tourism Organization |
| 260 | |a Madrid : |b World Tourism Organization, |c 2003 | ||
| 300 | |a 176, 32 σ.; |b εικ.; |c 30 εκ. | ||
| 650 | 0 | 0 | |a Tourism |x Statistics. |
| 852 | |a INST |b CHIOS |e 20040623 |h 338.4791 WOR |p 005200023039 |q 005200023039 |t BK |y 0 | ||
| 901 | |a BIBL2-2004-2 | ||
| 909 | |a Χ |b 111906 | ||
| 970 | |a ΣΠΕΝΤΖΑ |b ΕΛΕΝΗ |z 2004/06/23 | ||